| 000 | 00991nam a2200265 a 4500 | ||
|---|---|---|---|
| 001 | 000039730 | ||
| 003 | DO-SdBNP | ||
| 005 | 20210910145123.0 | ||
| 008 | 130718s2013 dr a 000 0 spa d | ||
| 020 | _a9789945472196 | ||
| 040 |
_aDO-SdBNP _bspa _cBNPHU |
||
| 082 | 4 |
_a338.476841 _bR696m _222 |
|
| 100 | 1 |
_aRodríguez Bencosme, Angélica M. _965926 |
|
| 245 | 1 | 3 |
_aEl mueble de madera dominicano : _breferencias, análisis y perspectivas / _cAngélica Rodríguez Bencosme. |
| 260 |
_aSanto Domingo : _bINTEC, _c2013. |
||
| 300 |
_a133 p. : _bil. ; _c24 cm. |
||
| 500 | _aIncluye datos biográficos de la autora en las solapas | ||
| 504 | _aIncluye referencias bibliográficas y notas al pie de las páginas | ||
| 504 | _aBibliografías : p. 120-131 | ||
| 590 | _aInventariado, MFF/2021 | ||
| 650 | 4 |
_aMuebles en madera _zRepública Dominicana _979756 |
|
| 650 | 4 |
_aMuebles en madera _xIndustria y comercio _979757 |
|
| 910 | _aValidado. Control de calidad MFF | ||
| 942 |
_2ddc _cLBS1 |
||
| 999 |
_c39220 _d39220 |
||